• 首页
  • 本馆介绍
  • 公告通知
  • 最新文献
  • 馆藏检索
  • 电子资源
  • 读者导购
  • 参考咨询
  • 我的图书馆
  • 登录
  • 详细信息显示
  • 放入我的书架
  • 预约/预借图书
  • 作者相关作品
  • 分类相关作品
  • 丛书相关作品
  • 出版社相关作品

书目信息

  • 表格格式
  • 工作单格式
  • 卡片格式
题名:
世界建筑史话
    
 
作者: 周宁 , 周旻 主编 ;钱正坤 著
分册:  
出版信息: 北京   国际文化出版公司  2000.01
页数: 246页
开本: 20cm
丛书名: 世界艺术史话
单 册:
中图分类: TU-09
科图分类:
主题词: 建筑史
电子资源:
ISBN: 7-80105-751-1
000 00698nam0 2200241 45
001 0112181026
005 20031219104051.9
010    @a7-80105-751-1@dCNY18.00
100    @a20011218d2000 km y0chiy0120 ea
101 0  @achi
105    @aa z 000yy
200 1  @a世界建筑史话@AShi Jie Jian Zhu Shi Hua@f周宁,周旻主编@FZhou Ning,Zhou Min Zhu Bian@g钱正坤著
210    @a北京@c国际文化出版公司@d2000.01
215    @a246页@c插图@d20cm
225    @a世界艺术史话
410    @12001 @a世界艺术史话
606 0  @a建筑史
690    @aTU-09@v4
701    @a周宁@4主编
701  0 @a周旻@4主编
702  0 @a钱正坤@AQian Zheng Kun@4著
801    @aCN@bTSTC@c20011218
905    @f5@b301632-636@dTU-09@e26
    
    世界建筑史话/周宁,周旻主编/钱正坤著.-北京:国际文化出版公司,2000.01
    246页:插图;20cm.-(世界艺术史话)
    
    
    ISBN 7-80105-751-1:CNY18.00
    
●
相关链接 在E读中查询图书 在五车中查询图书 在当当中查询图书 在豆瓣中查询图书


正题名:世界建筑史话     索取号:TU-09/26         预约/预借

序号 登录号 条形码 馆藏地/架位号 状态 备注
1 0301632   203016324   第三借阅区/ [索取号:TU-09/26] 在馆    
2 0301633   203016333   第三借阅区/ [索取号:TU-09/26] 在馆    
3 0301634   203016342   第三借阅区/ [索取号:TU-09/26] 在馆    
4 0301635   203016351   第三借阅区/ [索取号:TU-09/26] 在馆    
5 0301636   203016360   第二样本阅览室/ [索取号:TU-09/26] 在馆    
唐山师范学院图书馆 欢迎您!
大连网信软件有限公司© 版权所有